Представление документа в формате RUSMARC

ПолеНазваниеЗначение
  Тип записи a
  Библиографический уровень a
001 Контрольный номер RU/CBS_Ul/BASE/511433310
005 Дата корректировки 20240209175107.4
100 Данные общей обработки __
a Данные общей обработки 20160316d2016 ||| 0rusy0189 ca
101 Язык документа 0_
a Язык текста rus
102 Страна публикации __
a Страна публикации RU
105 Кодированные данные (монография) __
a Кодированные данные (монография) y###||||000|y
200 Заглавие и сведения об ответственности 1_
a Заглавие Воспоминания боевого лётчика
b Общее обозначение материала Текст
e Сведения, относящиеся к заглавию [воспоминания ветерана Великой Отечественной войны, лётчика А.П. Яблокова]
f Первые сведения об ответственности А. П. Яблоков
300 Общие примечания __
a Общие примечания Ограничения по возрасту - 16+
461 Уровень набора _0
1 2000
a Мономах
463 Уровень физической единицы _0
1 001RU/CBS_Ul/BASE/509801726
1 2000
a № 1
v С. 32-36
1 210
d 2016
600 Персоналии _0
a Персоналии (Фамилия) Яблоков
b Персоналии (Имя, инициалы) А. П.
606 Тематические рубрики 0_
a Основная рубрика Участники Великой Отечественной войны -1941-1945 - Ульяновская область
610 Ключевые слова 0_
a Ключевые слова Великая Отечественная война
610 Ключевые слова 0_
a Ключевые слова ВОВ
610 Ключевые слова 0_
a Ключевые слова ветераны Великой Отечественной войны
610 Ключевые слова 0_
a Ключевые слова воспоминания
610 Ключевые слова 0_
a Ключевые слова авиация
610 Ключевые слова 0_
a Ключевые слова лётчики
686 Индексы других классификаций __
a Классификационный индекс 63.3(2)622.78
2 Код системы ББК
700 Автор _1
a Фамилия Яблоков
b Имя (инициалы) А. П.
801 Источник записи _0
a Страна RU
b Организация МБУК ЦБС г. Ульяновска
c Дата составления 20160316
g Правила каталогизации RCR
801 Источник записи _1
a Страна RU
b Организация МБУК ЦБС г. Ульяновска
c Дата составления 20160316
g Правила каталогизации RCR
900 Электронные ресурсы __
a Имя электронного ресурса Воспоминания боевого летчика
901 Тип документа __
t Тип документа b
w Контрольный № источника RU/CBS_Ul/BASE/509801726
910 Корректоры записи __
a Корректор записи Нецеевский
938 Служебная информация __
a Имя БД kraeved